بند شو ن کے د ر میا ن (Record no. 163604)

MARC details
000 -LEADER
fixed length control field 00782nam a22002057a 4500
005 - DATE AND TIME OF LATEST TRANSACTION
control field 20190424154011.0
010 ## - LCCN (DPL NO)
LC control number UR-10033
020 ## - INTERNATIONAL STANDARD BOOK NUMBER
Terms of availability 200.00
International Standard Book Number 9789383239733
035 ## - SYSTEM CONTROL NUMBER
System control number U-8588
037 ## - SOURCE OF ACQUISITION
Source of stock number/acquisition DBAD/PUB
082 ## - DEWEY DECIMAL CLASSIFICATION NUMBER
Classification number 842.425
100 ## - MAIN ENTRY--PERSONAL NAME
Personal name خو ر شید نو ا ب
245 ## - TITLE STATEMENT
Title بند شو ن کے د ر میا ن
Statement of responsibility, etc خو ر شید نو ا ب
246 ## - VARYING FORM OF TITLE
Remainder of title Bandishon ke Darmiyan(Drama)(Urdu)
Title proper/short title by Khursheed Nawab
260 ## - PUBLICATION, DISTRIBUTION, ETC. (IMPRINT)
Place of publication, distribution, etc New Delhi
Name of publisher, distributor, etc Applied Books
Date of publication, distribution, etc 2018
270 ## - ADDRESS
Address 1739/3,Ground Floor,New kohinoor hotel,Patodi House,Dariya Ganj ,
City New Delhi
Postal code 110002
Telephone number 011-23266347
Fax number -
300 ## - PHYSICAL DESCRIPTION
Extent 144 ص
Dimensions 22 Cm.(bk)
500 ## - GENERAL NOTE
General note دو حصہ
942 ## - ADDED ENTRY ELEMENTS (KOHA)
Source of classification or shelving scheme Dewey Decimal Classification
Item type Urdu Bks
Classification part 842.425
Call number suffix خ ر ش
Holdings
Withdrawn status Lost status Not for loan Collection code Home library Current library Date acquired Source of acquisition Cost, normal purchase price Full call number Barcode Copy number Cost, replacement price Koha item type
    Not For Loan Non-fiction D.B.Act.Division D.B.Act.Division 24/04/2019 DBAD/PUB 200.00 842.425 خ ر ش U-8588 1 200.00 Urdu Bks

© Delhi Public Library
Hit Counter
free hit counter